| 000 | 00374pab a2200145 454500 | ||
|---|---|---|---|
| 008 | 180718b1991 xxu||||| |||| 00| 0 eng d | ||
| 100 | _aNagaiya, D. and others | ||
| 245 |
_aService area approach _bA new strategy for rural development |
||
| 260 | _c1991 | ||
| 300 | _a10-12 | ||
| 362 | _aApr. | ||
| 650 | _aRural Development | ||
| 773 | _aBanking Finance | ||
| 909 | _a17806 | ||
| 999 |
_c17806 _d17806 |
||